000 00700cam a22001935a 4500
001 L154741
008 120117e19441217xxk f 000 0 eng d
035 _a(Sirsi) u154741
041 0 _aeng
050 0 4 _a526.990222 $2 18
100 1 _aKenney, Cyril Ernest
245 0 4 _aThe quadrant and the quill
_ba book written in honour of Captain Samuel Sturmy, "a tryed and trusty sea-man," and author of The Mariner's Magazine, 1669
260 _aLondon
_bMetchim and Son
_c1944
300 _a166p.
_bill.
_c31cm.
520 _aA biography of Captain Samuel Sturmy and a discussion of his book "The Mariner's Magazine: 1669".
651 4 _aUnited Kingdom
_y
690 _aMeasurement
_96256
942 _n0
999 _c113123
_d113123